Information access,tools,services and systems / (Record no. 75147)

MARC details
000 -LEADER
fixed length control field 00647nam a22002057a 4500
005 - DATE AND TIME OF LATEST TRANSACTION
control field 20130508112519.0
010 ## - LCCN (DPL NO)
LC control number ENG-106995
020 ## - INTERNATIONAL STANDARD BOOK NUMBER
International Standard Book Number 9788170006282
Terms of availability 650.00
035 ## - SYSTEM CONTROL NUMBER
System control number EN-90528
037 ## - SOURCE OF ACQUISITION
Source of stock number/acquisition DBAD/PUB
082 ## - DEWEY DECIMAL CLASSIFICATION NUMBER
Classification number 020
100 ## - MAIN ENTRY--PERSONAL NAME
Personal name Devarajan, G.
245 ## - TITLE STATEMENT
Title Information access,tools,services and systems /
Statement of responsibility, etc by G. Devarajan [and] Joseph Kurien Pulikuthiel
260 ## - PUBLICATION, DISTRIBUTION, ETC. (IMPRINT)
Place of publication, distribution, etc New Delhi
Name of publisher, distributor, etc ESS ESS Publications
Date of publication, distribution, etc 2011
270 ## - ADDRESS
Address 4837/24, Ansari Road, Darya Ganj
City New Delhi
Postal code 110002
300 ## - PHYSICAL DESCRIPTION
Extent x,236p.
Dimensions 23cm(Hb)
500 ## - GENERAL NOTE
General note Includes index
700 ## - ADDED ENTRY--PERSONAL NAME
Personal name Pulikuthiel, Joseph Kurien
942 ## - ADDED ENTRY ELEMENTS (KOHA)
Source of classification or shelving scheme Dewey Decimal Classification
Item type English Books
Classification part 020
Call number suffix DEV
Holdings
Withdrawn status Lost status Not for loan Collection code Home library Current library Date acquired Source of acquisition Cost, normal purchase price Full call number Barcode Copy number Cost, replacement price Koha item type
    Not For Loan Non-fiction D.B.Act.Division D.B.Act.Division 06/05/2013 DBAD/PUB 650.00 020 DEV EN-90528 1 650.00 English Books

© Delhi Public Library
Hit Counter
free hit counter